00780nam a22002057a 4500003000500000005001700005008004100022010001000063011001000073035001000083040000900093100003300102245018100135260003700316300001000353502010500363650003700468650003300505650003600538CHAP20220329140731.0971013s1988 r 00010 d a56730 a57702 a61857 cCHAP00aZúñiga Salinas, Armando. aEfecto de diferentes niveles de fertilización en la producción de fruta y semilla de chile serrano (Capsicum annum L.) var. tampiqueño 74 en Marín, N.L. ciclo P-V, 1986 aMarín, N.L. :bEl autor,c1988 a85 h. aTesis (Ing. Agrónomo Fitotecnista) -- Universidads Autónoma de Nuevo León. Fac. de Agronomía14aChile (Botánica)xRendimiento.14aChile (Botánica)xSemilla.14aFertilizantesxEfecto en chile.